| 000 | 00954nam a2200229 i 4500 | ||
|---|---|---|---|
| 001 | 42175 | ||
| 003 | ES-MaACL | ||
| 005 | 20230906160549.0 | ||
| 007 | t| | ||
| 008 | 030312s1849 sp ||||1| spa d | ||
| 080 | _a616-071 | ||
| 100 | 1 |
_aCastelló y Tagell, Juan. _936569 |
|
| 245 | 1 | 0 |
_aDel criterio en medicina : _bdiscurso que para inaugurar las sesiones de la Academia de Medicina y Cirujía [sic] de Castilla la Nueva, pronunció el día 10 de febrero de 1849, su socio de número el Dr. D. Juan Castelló y Tagell. |
| 260 |
_aMadrid : _bImp., Fundición y Librería de E. Aguado, _c1849. |
||
| 300 |
_a44 p. ; _c21 cm. |
||
| 530 | _aDisponible en formato digital. | ||
| 650 | 4 |
_aDiagnóstico. _911851 |
|
| 710 | 2 |
_aAcademia de Medicina y Cirugía de Castilla la Nueva. _91188 |
|
| 852 | 4 |
_aES-MaACL _jT-6-F-8 |
|
| 852 | 4 |
_aES-MaACL _jT-34-F-13 |
|
| 856 | 4 |
_uhttp://bdh-rd.bne.es/viewer.vm?id=0000059478&page=1 _zBiblioteca Digital Hispánica |
|
| 999 |
_c42175 _d42175 |
||